| 000 | 00477nam a2200181Ia 4500 | ||
|---|---|---|---|
| 008 | 220216s9999 xx 000 0 und d | ||
| 100 | _aChee Y K | ||
| 245 | 0 | _aWeed management in rubber. 2. Control of noxious weeds with herbicides | |
| 260 |
_bPlanters Bulletin _c1993 |
||
| 300 | _a80-86 | ||
| 500 | _aSource Year: 1994 | ||
| 650 | _aNoxious weeds | ||
| 650 | _aWeed management | ||
| 700 | _aAhmad Faiz Md Alif | ||
| 700 | _aYang Z N | ||
| 856 | _uATA | ||
| 942 | _cJS | ||
| 999 |
_c72349 _d72349 |
||